Sdílení informací mezi společnostmi není fikce, ale velmi praktická činnost

Informácie ako hybná sila ekonomiky. Zdieľanie informácií - ako začať s takou výmenou informácií, ako si informácie vymieňať, je vôbec možné vymieňať si informácie aj medzi konkurenčnými spoločnosťami ?

Salvato in:
Dettagli Bibliografici
Autore principale: Benda, Ondřej
Natura: Capitolo di libro
Lingua:ceco
Soggetti:
Tags: Aggiungi Tag
Nessun Tag, puoi essere il primo ad aggiungerne!!

MARC

LEADER 00000naa$a2200000$$$4500
001 0082426
005 20231113131334.9
041 0 |a cze 
044 |a CZ 
245 1 0 |a Sdílení informací mezi společnostmi není fikce, ale velmi praktická činnost  |c Ondřej Benda 
520 |a Informácie ako hybná sila ekonomiky. Zdieľanie informácií - ako začať s takou výmenou informácií, ako si informácie vymieňať, je vôbec možné vymieňať si informácie aj medzi konkurenčnými spoločnosťami ? 
610 2 0 |a informácie 
610 2 0 |a výmena informácií 
610 2 0 |a firmy 
610 2 0 |a konkurencia 
100 1 |a Benda, Ondřej